| 000 | 01062nam0a2200325 i 4500 | ||
|---|---|---|---|
| 001 | RU\NLR\BIBL_A\010359572 | ||
| 005 | 20260406064543.0 | ||
| 010 |
_a9785699677986 _95000 |
||
| 021 |
_aRU _b2014-19671 _91220 |
||
| 035 | _a(NILC)RuMoRGB-006759719 | ||
| 035 | _a(NLR Aleph) 010359572 | ||
| 090 |
_a10774822 _c10774822 |
||
| 100 | _a20140521d2014 u||y0rusy50 ca | ||
| 101 | 1 |
_arus _ceng |
|
| 102 | _aRU | ||
| 105 | _ay|||z|||000yy | ||
| 200 | 1 |
_aВерить в себя _e[роман] _fДаниэла Стил _g[пер. с англ. В. А. Гришечкина] |
|
| 210 |
_aМосква _cЭксмо _d2014 |
||
| 215 |
_a477, [1] с. _d17 |
||
| 225 | 2 | _aРомантическое настроение | |
| 333 | _a16+ | ||
| 675 | _a821.111(73)-31 | ||
| 686 | 1 | _aШ6(7США)67-440.4(Лх1979-50) | |
| 700 | 1 |
_8rus _7ca _aСтил _bД. _f1947- _gДаниэла _3RU\NLR\AUTH\7723972 _97025 |
|
| 801 | 0 |
_aRU _bRuMoRKP _c20080226 _gRCR |
|
| 801 | 2 |
_aRU _bРГБ _c20140319 _grcr |
|
| 942 | _cBOOK | ||
| 980 | _aNBR | ||